LEADER 01149nam a2200241 i 4500 001 000000148581 003 CaOOAMICUS 005 20160831000000.0 008 160831s1850 it u000 u fre u 013 $a125897 040 $aSeMil$bita 100 1 $aKellerman, Edmond : de,$c.$0(OLS)http://semarc/name/58766 245 10$aDe la force du droit et du droit de la force, ou De la restauration du droit divin dans l'ordre social et du droit national dans l'ordre politique /$cpar E. de Valmy. 250 $a2. éd. 260 $aParis :$bChez Jacques Lecoffre et C.,$c1850. 300 $avi, 236 p. ;$c19 cm. 650 4$aDiritto.$0(OLS)http://semarc/subject/1609 850 $aSeMil 852 $aSeMil$W1$xVenegono$y1$m3L III 177 FA$j100947$B100947$CSeMilBibl$Z2$F109786 $8I 941 1 $a10 961 $aRecupero: Mantegazza 996 $6245$aDe la force du droit et du droit de la force, ou De la restauration du droit divin dans l'ordre social et du droit national dans l'ordre politique$9(OLS)http://semarc/title/217169 996 $6260$aParis :$bChez Jacques Lecoffre et C.$9(OLS)http://semarc/publisher/47834 LEADER 01337nam a2200253 i 4500 001 000000046269 003 CaOOAMICUS 005 20090907000000.0 008 090907s1968 it u000 u ita u 013 $a17439 040 $aSeMil$bita 110 2 $aConferenza Episcopale Italiana.$0(OLS)http://semarc/name/95789 245 10$aAtti della 3. Assemblea Generale :$bi laici nella Chiesa in Italia dopo il Concilio, Roma, 19-24 febbraio 1968 /$cEpiscopale Conferenza Italiana. 250 $aEd. riservata ai Vescovi. 260 $aMilano :$bÀncora,$cc 1968. 300 $a522 p. ;$c21 cm. 650 4$aConferenza Episcopale Italiana.$0(OLS)http://semarc/subject/657 711 2 $aConferenza Episcopale Italiana : Assemblea Generale <3. ; 1968 ; Roma>.$0(OLS)http://semarc/name/22989 773 0 $aConferenza Episcopale Italiana$tAtti delle Assemblee generali della CEI.$dMilano : Àncora, 1966-$k[Atti delle Assemblee generali della CEI]$g3$w()28764 850 $aSeMil 852 $aSeMil$W1$xVenegono$y1$m2BA B 3$j255967$B12424$CSeMilBibl$Z2$F12424 $81 961 $aOmaggio: Citterio Ecc. Bernardo 996 $6245$aAtti della 3. Assemblea Generale :$bi laici nella Chiesa in Italia dopo il Concilio, Roma, 19-24 febbraio 1968$9(OLS)http://semarc/title/69108 996 $6260$aMilano :$bÀncora$9(OLS)http://semarc/publisher/29763